Object-Oriented Software Engineering: Practical Software Development using UML and Java
This widely used book teaches practical object-oriented software engineering with the key real world tools UML, design patterns and Java. This step-by-step approach allows the reader to address complex and changing problems with practical and state-of-the-art solutions.
Сохранить в:
| Главный автор: | |
|---|---|
| Формат: | |
| Язык: | Undetermined |
| Опубликовано: |
Boston
McGraw-Hill Education
2005
|
| Предметы: | |
| Метки: |
Добавить метку
Нет меток, Требуется 1-ая метка записи!
|
| Thư viện lưu trữ: | Trung tâm Học liệu Trường Đại học Cần Thơ |
|---|
| LEADER | 01046nam a2200241Ia 4500 | ||
|---|---|---|---|
| 001 | CTU_153693 | ||
| 008 | 210402s9999 xx 000 0 und d | ||
| 020 | |c 57.53 | ||
| 082 | |a 005.1 | ||
| 082 | |b L647 | ||
| 100 | |a Lethbridge, Timothy C. | ||
| 245 | 0 | |a Object-Oriented Software Engineering: | |
| 245 | 0 | |b Practical Software Development using UML and Java | |
| 245 | 0 | |c Timothy C. Lethbridge, Robert Laganière | |
| 260 | |a Boston | ||
| 260 | |b McGraw-Hill Education | ||
| 260 | |c 2005 | ||
| 520 | |a This widely used book teaches practical object-oriented software engineering with the key real world tools UML, design patterns and Java. This step-by-step approach allows the reader to address complex and changing problems with practical and state-of-the-art solutions. | ||
| 526 | |a Ngôn ngữ mô hình hóa | ||
| 526 | |b CT182 | ||
| 650 | |a Software engineering,Object-oriented programming (Computer science),Công nghệ phần mềm | ||
| 904 | |i Năm | ||
| 980 | |a Trung tâm Học liệu Trường Đại học Cần Thơ | ||